000 00439nam a2200193Ia 4500
003 OSt
005 20221005121607.0
006 a|||||r|||| 00| 0
007 ta
008 221004b |||||||| |||| 00| 0 eng d
024 _a112292
037 _cTextual
040 _aCRL
_cCRL
_beng
041 _2eng
_aeng
100 _aThorudy
_9630836
245 0 _aHistory of Magic
942 _cTEXL
_2cc
999 _c1041657
_d1041657